[Event "Sparkassen-Open A"]
[Site "Heusenstamm, Martinsee"]
[Date "2018.11.24"]
[Round "4.108"]
[White "Ochs, Daniel Elias"]
[Black "Reinhold, GÃ¼nther"]
[Result "1-0"]
[WhiteElo "1884"]
[BlackElo "1833"]
[PlyCount "55"]
[EventDate "2018.??.??"]
[WhiteTeam "Wiesbadener SV"]
[BlackTeam "Frankfurter TV"]

1. d4 Nf6 2. Nf3 e6 3. c4 b6 4. e3 Bb7 5. Bd3 Be7 6. Nc3 d5 7. O-O O-O 8. b3
Ne4 9. Bb2 f5 10. Ne5 Nd7 11. f4 Nxe5 12. fxe5 Bg5 13. Qe2 Qe8 14. Bxe4 dxe4
15. Rad1 Qg6 16. d5 f4 17. exf4 Bxf4 18. Qxe4 Qh6 19. g3 Be3+ 20. Kg2 Kh8 21.
Bc1 Bxc1 22. Rxc1 Rxf1 23. Rxf1 Qd2+ 24. Ne2 exd5 25. Qf3 h6 26. e6 Rb8 27. e7
Qb4 28. Qf8+ 1-0

[Event "Sparkassen-Open A"]
[Site "Heusenstamm, Martinsee"]
[Date "2018.11.24"]
[Round "4.109"]
[White "Marzec, Witold"]
[Black "Poschadel, Andreas Gregor"]
[Result "1/2-1/2"]
[WhiteElo "1715"]
[BlackElo "1854"]
[PlyCount "116"]
[EventDate "2018.??.??"]
[WhiteTeam "vereinslos"]
[BlackTeam "Hamelner SV"]

1. c4 e6 2. Nc3 d5 3. d4 Nf6 4. Bg5 Nbd7 5. Nf3 c6 6. e3 Be7 7. Bd3 Qa5 8. O-O
O-O 9. cxd5 exd5 10. a3 Qc7 11. Rc1 Nb6 12. Bxf6 Bxf6 13. Qc2 g6 14. a4 a5 15.
h3 Be6 16. b3 Rac8 17. Ne2 Be7 18. Nf4 Bd7 19. Ne5 Bd6 20. Nxd7 Qxd7 21. Qe2
Rfe8 22. Qf3 Qe7 23. g3 Qf6 24. h4 Nd7 25. Qg4 Rcd8 26. Kg2 Bxf4 27. gxf4 h5
28. Qg3 Kh8 29. Qg5 Qxg5+ 30. hxg5 Rc8 31. Kf3 Nb6 32. Ke2 Nd7 33. Kf3 Rc7 34.
f5 Kg7 35. f6+ Kf8 36. Rc2 Rec8 37. Rfc1 Ke8 38. Bf1 Kd8 39. Bh3 Rb8 40. Ke2
Rbc8 41. f4 b6 42. f5 c5 43. fxg6 fxg6 44. Rf1 Ke8 45. Be6 cxd4 46. Rxc7 d3+
47. Kxd3 Rxc7 48. Bxd5 Kf8 49. e4 Nc5+ 50. Kd4 Rd7 51. Ke3 Rd8 52. Bc4 Re8 53.
Bd5 Rd8 54. Rf2 Re8 55. f7 Re5 56. Rg2 Re7 57. Rf2 Re5 58. Rg2 Re7 1/2-1/2

[Event "Sparkassen-Open A"]
[Site "Heusenstamm, Martinsee"]
[Date "2018.11.24"]
[Round "4.110"]
[White "Bittner, Peter"]
[Black "Weiland, Thomas"]
[Result "1-0"]
[WhiteElo "1869"]
[BlackElo "1796"]
[PlyCount "93"]
[EventDate "2018.??.??"]
[WhiteTeam "SC Nied"]
[BlackTeam "SV Oberursel"]

1. e4 d5 2. exd5 Qxd5 3. Nc3 Qd8 4. Nf3 Nf6 5. h3 Bf5 6. d4 c6 7. Bd3 Bxd3 8.
Qxd3 e6 9. Bg5 Be7 10. O-O Nbd7 11. Rad1 O-O 12. Qe2 Re8 13. a3 Qc7 14. Bh4 h6
15. Ne4 Nxe4 16. Qxe4 Bxh4 17. Qxh4 Rad8 18. c3 a5 19. Rfe1 a4 20. Qe4 Nf6 21.
Qc2 Ra8 22. Ne5 Nd7 23. Rd3 c5 24. Nxd7 Qxd7 25. dxc5 Qc7 26. Rd4 Qxc5 27. Rxa4
Rac8 28. Rb4 Rc7 29. Rd1 Rec8 30. Qb3 Rb8 31. Rbd4 Qe7 32. Qb5 Rc5 33. Qd3 Rcc8
34. Rd7 Qf6 35. Qd6 Re8 36. Rd3 Qg5 37. Kh2 Rf8 38. Rf3 Rbe8 39. Rxb7 Rd8 40.
Qf4 Qh5 41. Rg3 g5 42. Qf6 Rd5 43. Re3 Rf5 44. Qd4 Rf4 45. Re4 Qh4 46. Rxf4
gxf4 47. Rb4 1-0

[Event "Sparkassen-Open A"]
[Site "Heusenstamm, Martinsee"]
[Date "2018.11.24"]
[Round "4.111"]
[White "Schellen, Sven"]
[Black "Niedenthal, Robert"]
[Result "1/2-1/2"]
[WhiteElo "1865"]
[BlackElo "1700"]
[PlyCount "143"]
[EventDate "2018.??.??"]
[WhiteTeam "SF Frankfurt"]
[BlackTeam "SV Hofheim"]

1. d4 Nf6 2. c4 c5 3. Nf3 cxd4 4. Nxd4 e5 5. Nc2 Nc6 6. Nc3 a6 7. e4 Bc5 8. f3
O-O 9. Be3 Bxe3 10. Nxe3 Nd4 11. Nc2 Qb6 12. b3 d6 13. Nxd4 exd4 14. Na4 Qa7
15. Qd2 Bd7 16. Nb2 b5 17. Rd1 bxc4 18. Bxc4 d5 19. exd5 Rfe8+ 20. Kf1 Bb5 21.
Qxd4 Qe7 22. Kf2 Qa3 23. Rhe1 Rad8 24. Rxe8+ Rxe8 25. Rd2 Qxa2 26. d6 Qa5 27.
Re2 Rd8 28. Re7 Bxc4 29. bxc4 Qb4 30. Rc7 h6 31. d7 Rxd7 32. Rxd7 Nxd7 33. Ke2
Nf6 34. Nd3 Qa4 35. Ke3 Qd1 36. Qd8+ Kh7 37. Qa5 Qg1+ 38. Kd2 Qxg2+ 39. Kc3
Qxf3 40. Qe5 Qh1 41. c5 Qa1+ 42. Nb2 a5 43. Qf5+ Kh8 44. Kb3 Qe1 45. Nd3 Qd1+
46. Kc3 Qa1+ 47. Kd2 Qa2+ 48. Ke3 Qxh2 49. Qc8+ Ng8 50. c6 Qg3+ 51. Kd4 Qd6+
52. Kc4 Kh7 53. Qf5+ Kh8 54. Qd7 Qe6+ 55. Kb5 Ne7 56. Qxe6 fxe6 57. c7 Kg8 58.
Ne5 g5 59. Kxa5 h5 60. Kb5 g4 61. Kc4 g3 62. Kd3 Kg7 63. Ke2 Nc8 64. Nf3 Kf6
65. Ng1 Kf5 66. Kf3 h4 67. Ne2 e5 68. Nc3 Nd6 69. Ne4 Nc8 70. Nc3 Ke6 71. Kg2
Kf5 72. Kf3 1/2-1/2

[Event "Sparkassen-Open A"]
[Site "Heusenstamm, Martinsee"]
[Date "2018.11.24"]
[Round "4.112"]
[White "Schlemminger, Degenhard"]
[Black "Diehl, Stefan"]
[Result "0-1"]
[WhiteElo "1673"]
[BlackElo "1859"]
[PlyCount "84"]
[EventDate "2018.??.??"]
[WhiteTeam "SV Reutlingen"]
[BlackTeam "SC HÃ¶chst"]

1. e4 d5 2. exd5 Qxd5 3. Nc3 Qa5 4. d4 Nf6 5. Qd3 c6 6. Bd2 Bf5 7. Ne4 Qd5 8.
Nxf6+ gxf6 9. Qc3 Qe4+ 10. Kd1 Nd7 11. f3 Qd5 12. Bc4 Qd6 13. Ne2 Nb6 14. Bd3
Bg6 15. Bxg6 hxg6 16. h3 O-O-O 17. Kc1 e5 18. dxe5 fxe5 19. Ng3 f5 20. a4 Bg7
21. Bg5 Rd7 22. Qe1 Nc4 23. b3 Nb6 24. Ra2 Nd5 25. Bd2 Bh6 26. Bxh6 Rxh6 27.
Qd2 Rh4 28. Ne2 Nb4 29. Qxd6 Nxa2+ 30. Kb2 Rxd6 31. Kxa2 Rd2 32. g3 Rh7 33. Nc1
Rxc2+ 34. Kb1 Rc3 35. Re1 Rxf3 36. Rxe5 Rxg3 37. Ne2 Rxb3+ 38. Kc2 Rbxh3 39.
Nf4 Rg3 40. a5 Rh2+ 41. Re2 Rxe2+ 42. Nxe2 Rg2 0-1

[Event "Sparkassen-Open A"]
[Site "Heusenstamm, Martinsee"]
[Date "2018.11.24"]
[Round "4.113"]
[White "Lehmann, Nils"]
[Black "Neubauer, Robert"]
[Result "1/2-1/2"]
[WhiteElo "1665"]
[BlackElo "1899"]
[PlyCount "72"]
[EventDate "2018.??.??"]
[WhiteTeam "SV Lahn Limburg"]
[BlackTeam "Bad Vilbeler Sfr"]

1. e4 e5 2. Nf3 Nf6 3. d4 Nxe4 4. Bd3 d5 5. Nxe5 Be7 6. O-O O-O 7. c4 Be6 8.
Qc2 Nf6 9. Be3 h6 10. Nc3 c6 11. b3 Nbd7 12. f4 Kh8 13. f5 Nxe5 14. dxe5 Ng4
15. Bf4 dxc4 16. Bxc4 Bxc4 17. bxc4 Qd4+ 18. Kh1 Nxe5 19. Rad1 Qc5 20. Rfe1 Bf6
21. Bxe5 Bxe5 22. Ne4 Qa5 23. Qb3 Rab8 24. c5 f6 25. h3 b6 26. Qe6 Qa4 27. cxb6
axb6 28. Nd6 Qf4 29. Rxe5 fxe5 30. Nf7+ Kh7 31. Qg6+ Kg8 32. Rd7 e4 33. Ng5
Qf1+ 34. Kh2 Qf4+ 35. Kh1 Qf1+ 36. Kh2 Qf4+ 1/2-1/2

[Event "Sparkassen-Open A"]
[Site "Heusenstamm, Martinsee"]
[Date "2018.11.24"]
[Round "4.114"]
[White "Flach, Helene"]
[Black "Jordake, Michael"]
[Result "1-0"]
[WhiteElo "1849"]
[BlackElo "1790"]
[PlyCount "145"]
[EventDate "2018.??.??"]
[WhiteTeam "SK Langen"]
[BlackTeam "SC Bergen-Enkheim"]

1. e4 e5 2. Nf3 Nc6 3. Bc4 Nf6 4. d3 Bc5 5. O-O d6 6. c3 O-O 7. Bg5 Bg4 8. Bb3
a6 9. h3 Be6 10. Re1 h6 11. Bh4 Bxb3 12. axb3 Re8 13. Nbd2 Qe7 14. Nf1 Qf8 15.
Bxf6 gxf6 16. Ne3 Bxe3 17. Rxe3 Ne7 18. Nh2 Ng6 19. Qh5 Nf4 20. Qh4 Qg7 21. Ng4
Kf8 22. Qxh6 Qxh6 23. Nxh6 Ke7 24. Nf5+ Kd7 25. h4 Rh8 26. g3 Rag8 27. Kf1 Ne6
28. Rf3 Ng5 29. Re3 Ne6 30. Ke2 c5 31. Rf3 Nc7 32. Rh1 Rh5 33. Ne3 Ke7 34. g4
Rhh8 35. h5 Ne6 36. Nd5+ Kf8 37. Nxf6 Rg5 38. Kd2 Nf4 39. Rg3 Kg7 40. Nd5 Nxd5
41. exd5 f5 42. gxf5 Kf6 43. Ke3 Rhxh5 44. Rxh5 Rxh5 45. Rg6+ Ke7 46. Rg7+ Kf6
47. Rxb7 Kxf5 48. Rf7+ Kg6 49. Rd7 Rh3+ 50. Ke2 Kf5 51. Rxd6 e4 52. dxe4+ Kxe4
53. Rd8 Ke5 54. d6 Rh6 55. d7 Kd6 56. Rc8 Kxd7 57. Rxc5 Kd6 58. Ra5 Kc7 59. b4
Kb6 60. Rc5 Rh7 61. Re5 Rh6 62. c4 Rc6 63. b3 Rc7 64. b5 a5 65. Re6+ Kb7 66.
Ra6 Re7+ 67. Kf1 Rf7 68. Rxa5 Rf3 69. Ra6 Rxb3 70. Rc6 Rb4 71. Kg2 Rb2 72. Kg3
Rb1 73. f4 1-0

[Event "Sparkassen-Open A"]
[Site "Heusenstamm, Martinsee"]
[Date "2018.11.24"]
[Round "4.115"]
[White "Armbrust, Matthias"]
[Black "Merges, Harald"]
[Result "1/2-1/2"]
[WhiteElo "1830"]
[BlackElo "1790"]
[PlyCount "91"]
[EventDate "2018.??.??"]
[WhiteTeam "SF Lindlar"]
[BlackTeam "SG Reil-Kinheim"]

1. e4 e6 2. d4 d5 3. Nd2 c5 4. exd5 Qxd5 5. dxc5 Bxc5 6. Qg4 Nf6 7. Qh4 Nc6 8.
Ngf3 Ne7 9. Bb5+ Bd7 10. Bc4 Qd6 11. Nb3 Ng6 12. Qg3 Qxg3 13. hxg3 Bb6 14. Bd3
O-O 15. Ng5 Bc6 16. f3 Rfe8 17. Bd2 Nf8 18. Na5 Bxa5 19. Bxa5 h6 20. Nh3 e5 21.
Nf2 e4 22. Nxe4 Nxe4 23. fxe4 Bxe4 24. Bxe4 Rxe4+ 25. Kf2 Re5 26. Bc3 Rf5+ 27.
Ke2 Re8+ 28. Kd3 Rf2 29. Rhe1 Rxe1 30. Rxe1 Ne6 31. Re2 Rf5 32. Be5 Kf8 33. c4
Ke7 34. Bxg7 Rg5 35. Bxh6 Rxg3+ 36. Kd2 Kd6 37. Be3 a6 38. Bg1 Rg4 39. b3 Kc6
40. Be3 b5 41. cxb5+ axb5 42. Kd3 Kd5 43. Rf2 Kc6 44. Rc2+ Kd5 45. Rf2 Kc6 46.
Rc2+ 1/2-1/2

[Event "Sparkassen-Open A"]
[Site "Heusenstamm, Martinsee"]
[Date "2018.11.24"]
[Round "4.118"]
[White "Zeitz, Joachim"]
[Black "Berkes, JÃ¶rg"]
[Result "0-1"]
[WhiteElo "1753"]
[BlackElo "1798"]
[PlyCount "55"]
[EventDate "2018.??.??"]
[WhiteTeam "SC GEMA St.Ingbert"]
[BlackTeam "SK Langen"]

1. e4 g6 2. d4 Bg7 3. Nf3 c5 4. Bc4 cxd4 5. Nxd4 Qc7 6. Qd3 Qa5+ 7. Bd2 Qc5 8.
Bc3 a6 9. O-O b5 10. Bd5 e5 11. Nb3 Qa7 12. Bxa8 Qxa8 13. N1d2 Nc6 14. Nf3 b4
15. Bd2 Nf6 16. Be3 O-O 17. Nfd2 Rd8 18. Bb6 Re8 19. Nc4 Qb8 20. f3 Nh5 21. g3
Ne7 22. Qd6 Qa8 23. Nc5 Nc6 24. c3 Bf8 25. Qd2 a5 26. Nd6 Qb8 27. Nxc8 Qxc8 28.
Qxd7 0-1

[Event "Sparkassen-Open A"]
[Site "Heusenstamm, Martinsee"]
[Date "2018.11.24"]
[Round "4.119"]
[White "RÃ¼ll, Michael"]
[Black "Spelleken, Hans-Gerd"]
[Result "0-1"]
[WhiteElo "1723"]
[BlackElo "1792"]
[PlyCount "42"]
[EventDate "2018.??.??"]
[WhiteTeam "SC Obertshausen"]
[BlackTeam "SC Kahl"]

1. d4 Nf6 2. Bf4 b6 3. e3 Bb7 4. c3 c5 5. Nd2 e6 6. Nc4 d5 7. Ne5 a6 8. Ngf3
Ne4 9. Bd3 f6 10. Qa4+ b5 11. Bxb5+ axb5 12. Qxb5+ Nd7 13. Qxb7 fxe5 14. Nxe5
Nd6 15. Qxd7+ Qxd7 16. Nxd7 Kxd7 17. Bxd6 Bxd6 18. O-O c4 19. f3 Rhb8 20. Rf2
Rb7 21. e4 Rab8 0-1

[Event "Sparkassen-Open A"]
[Site "Heusenstamm, Martinsee"]
[Date "2018.11.24"]
[Round "4.120"]
[White "Steinke, Hans-JÃ¶rg"]
[Black "Heun, Andreas"]
[Result "1-0"]
[WhiteElo "1791"]
[BlackElo "1687"]
[PlyCount "67"]
[EventDate "2018.??.??"]
[WhiteTeam "SV Datteln"]
[BlackTeam "SC Ladja RoÃŸdorf"]

1. d4 Nf6 2. c4 g6 3. Nc3 Bg7 4. e4 d6 5. Nf3 O-O 6. Be2 a6 7. O-O Nbd7 8. Bg5
c5 9. d5 h6 10. Bd2 Kh7 11. Rb1 Ng8 12. Qc2 Ne5 13. Ne1 Kh8 14. Nd1 Bd7 15. Bc3
b5 16. cxb5 axb5 17. a3 Rc8 18. f4 b4 19. Bd2 Ng4 20. h3 Bd4+ 21. Kh1 e5 22.
Nf3 N8f6 23. axb4 Nh5 24. Nxd4 Ng3+ 25. Kg1 cxd4 26. Qd3 Nxe2+ 27. Qxe2 Nf6 28.
fxe5 Nxe4 29. Qxe4 Bf5 30. Rxf5 gxf5 31. Qxf5 Rg8 32. exd6 Qxd6 33. Bf4 Qb6 34.
Be5+ 1-0

[Event "Sparkassen-Open A"]
[Site "Heusenstamm, Martinsee"]
[Date "2018.11.24"]
[Round "5.1"]
[White "Nikolov, Momchil"]
[Black "Barski, Radoslaw"]
[Result "1-0"]
[WhiteElo "2560"]
[BlackElo "2459"]
[PlyCount "117"]
[EventDate "2018.??.??"]
[WhiteTeam "vereinslos"]
[BlackTeam "SC Heusenstamm"]

1. d4 Nf6 2. c4 g6 3. Nc3 Bg7 4. e4 d6 5. Nf3 O-O 6. Be2 e5 7. d5 a5 8. Bg5 h6
9. Bh4 g5 10. Bg3 Nh5 11. Nd2 Nf4 12. O-O f5 13. exf5 Bxf5 14. Nde4 Na6 15. Bg4
Bg6 16. Re1 b6 17. h3 Nc5 18. b3 a4 19. b4 Nxe4 20. Nxe4 a3 21. Rc1 Qe8 22.
Bxf4 Rxf4 23. f3 Qa4 24. Qd2 Raf8 25. g3 Rxf3 26. Bxf3 Rxf3 27. Kg2 Rf7 28. Re2
Qd7 29. Rce1 g4 30. Rf2 gxh3+ 31. Kh2 Qg4 32. Rxf7 Kxf7 33. Qe3 Kg8 34. Qe2 h5
35. Qxg4 hxg4 36. Nf2 Bf5 37. Re3 Bh6 38. Rxa3 Bd2 39. Rb3 e4 40. Nd1 Bd7 41.
Ne3 Ba4 42. Ra3 Bc1 43. Rxa4 Bxe3 44. Ra7 Bg5 45. Ra8+ Kf7 46. Kg1 Be3+ 47. Kf1
Bd4 48. Rc8 e3 49. Rxc7+ Kg6 50. Re7 Be5 51. Re6+ Kg5 52. Re7 Bxg3 53. Rxe3 Bf4
54. Re8 g3 55. Rg8+ Kf5 56. c5 Ke4 57. c6 Kf3 58. Rxg3+ Bxg3 59. Kg1 1-0

[Event "Sparkassen-Open A"]
[Site "Heusenstamm, Martinsee"]
[Date "2018.11.24"]
[Round "5.2"]
[White "Zuyev, Igor"]
[Black "Pap, Misa"]
[Result "0-1"]
[WhiteElo "2435"]
[BlackElo "2473"]
[PlyCount "58"]
[EventDate "2018.??.??"]
[WhiteTeam "SC Heusenstamm"]
[BlackTeam "SF Augsburg"]

1. e4 e5 2. Nf3 Nc6 3. d4 exd4 4. Bc4 Nf6 5. e5 d5 6. Bb5 Ne4 7. Nxd4 Bc5 8.
Be3 Bd7 9. Bxc6 bxc6 10. Nd2 Qh4 11. O-O Bb6 12. N2b3 Qe7 13. a4 a5 14. f4 O-O
15. Qe2 c5 16. Nf3 f5 17. Nbd2 Be6 18. Bf2 h6 19. Rfe1 c6 20. Nh4 Qf7 21. Nhf3
Rab8 22. Rab1 Ba7 23. Nb3 Qc7 24. Nfd2 Nxf2 25. Qxf2 d4 26. h3 Rfd8 27. c4 dxc3
28. bxc3 Bxb3 29. Nxb3 Rxb3 0-1

[Event "Sparkassen-Open A"]
[Site "Heusenstamm, Martinsee"]
[Date "2018.11.24"]
[Round "5.3"]
[White "Gschnitzer, Adrian"]
[Black "Sumets, Andrey"]
[Result "0-1"]
[WhiteElo "2365"]
[BlackElo "2580"]
[PlyCount "120"]
[EventDate "2018.??.??"]
[WhiteTeam "SV Walldorf"]
[BlackTeam "SF Lilienthal"]

1. e4 c6 2. d4 d5 3. e5 Bf5 4. Nf3 e6 5. Be2 Ne7 6. O-O Bg6 7. Nbd2 c5 8. c4
cxd4 9. Nxd4 Nec6 10. N2f3 dxc4 11. Bxc4 Be7 12. Qa4 O-O 13. Rd1 Qb6 14. a3
Nxd4 15. Nxd4 Nc6 16. Nxc6 bxc6 17. b4 a5 18. Be3 Qc7 19. b5 cxb5 20. Qxb5 Rfb8
21. Qd7 Rb7 22. Qxc7 Rxc7 23. Bb5 a4 24. f4 Rc3 25. Kf2 Be4 26. Rd4 Bd5 27.
Rxa4 Rc2+ 28. Kf1 Rb8 29. Be2 Bxg2+ 30. Kxg2 Rxe2+ 31. Bf2 h5 32. Kf3 Rc2 33.
Bg1 Rb3+ 34. Ke4 f5+ 35. exf6 Re2+ 36. Kd4 Bxf6+ 37. Kc4 Rf3 38. Rc1 Rxf4+ 39.
Kb5 Rf5+ 40. Kc6 Rd5 41. Ra8+ Kh7 42. a4 Ra2 43. Bb6 Bd4 44. a5 Bxb6 45. Kxb6
Rxh2 46. a6 Rb2+ 47. Kc6 Ra2 48. Re1 Rda5 49. Kb6 h4 50. Re4 R5a4 51. Rxe6 h3
52. Re3 R4a3 53. Re4 h2 54. Rh4+ Kg6 55. a7 Kg5 56. Rah8 Rxa7 57. Rxh2 Rxh2 58.
Rxh2 Ra4 59. Kc5 Kf5 60. Rf2+ Rf4 0-1

[Event "Sparkassen-Open A"]
[Site "Heusenstamm, Martinsee"]
[Date "2018.11.24"]
[Round "5.4"]
[White "Enchev, Ivajlo"]
[Black "Baskin, Robert"]
[Result "1/2-1/2"]
[WhiteElo "2496"]
[BlackElo "2354"]
[PlyCount "118"]
[EventDate "2018.??.??"]
[WhiteTeam "vereinslos"]
[BlackTeam "SV Griesheim"]

1. Nf3 Nf6 2. c4 e6 3. d4 d5 4. Nc3 Bb4 5. cxd5 exd5 6. Bg5 h6 7. Bxf6 Qxf6 8.
Qb3 c5 9. e3 Nc6 10. Bb5 O-O 11. dxc5 Bh3 12. O-O Qg6 13. Nh4 Qg4 14. Nxd5 Qxh4
15. Bxc6 Bxg2 16. Qxb4 Qxb4 17. Nxb4 Bxf1 18. Bxb7 Rab8 19. c6 Bb5 20. Nc2 Bxc6
21. Bxc6 Rxb2 22. Nd4 Rfb8 23. Bd5 Rb1+ 24. Rxb1 Rxb1+ 25. Kg2 Kf8 26. Bb3 Rc1
27. Nf5 h5 28. Nd6 f6 29. h4 g6 30. Nb5 a6 31. Nd4 Kg7 32. Ne6+ Kh6 33. Nf4 g5
34. Nd5 Rc6 35. Kg3 Rd6 36. e4 Rc6 37. f4 a5 38. hxg5+ fxg5 39. f5 a4 40. Bxa4
Rc4 41. Bd7 Rxe4 42. f6 Rd4 43. Be6 Rd3+ 44. Kf2 Rd2+ 45. Kf3 Rxa2 46. Nb6 Ra6
47. f7 Kg7 48. Nd7 Ra8 49. Ke4 Rd8 50. Ne5 Kf6 51. Bd7 Kg7 52. Be6 Kf6 53. Bd7
Kg7 54. Be8 Rd6 55. Kf5 Rf6+ 56. Kxg5 h4 57. Kxh4 Rf5 58. Ng6 Rxf7 59. Bxf7
Kxf7 1/2-1/2

[Event "Sparkassen-Open A"]
[Site "Heusenstamm, Martinsee"]
[Date "2018.11.24"]
[Round "5.6"]
[White "Krastev, Alexander"]
[Black "Gritsak, Orest"]
[Result "0-1"]
[WhiteElo "2342"]
[BlackElo "2457"]
[PlyCount "94"]
[EventDate "2018.??.??"]
[WhiteTeam "Biebertaler SF"]
[BlackTeam "vereinslos"]

1. e4 c5 2. Nf3 e6 3. Nc3 Nc6 4. d4 cxd4 5. Nxd4 a6 6. g3 Nge7 7. Bg2 d6 8. O-O
Bd7 9. Nb3 Nc8 10. a4 b6 11. Qe2 Be7 12. Bf4 O-O 13. Rad1 Qc7 14. Bc1 Bf6 15.
Qc4 Ra7 16. f4 N6e7 17. Qe2 Bxc3 18. bxc3 e5 19. f5 f6 20. g4 Bxa4 21. Rf3 Kh8
22. Rh3 g5 23. Rh5 Be8 24. Rh3 Bf7 25. Nd2 Kg7 26. Nf3 h6 27. Qf2 Rh8 28. Rg3
d5 29. Nd2 Nd6 30. Ba3 Rd8 31. Rd3 d4 32. cxd4 Qxc2 33. Nf1 Qxf2+ 34. Kxf2 Nc4
35. dxe5 Rxd3 36. exf6+ Kxf6 37. Rxd3 Nxa3 38. Rxa3 Nc6 39. Rd3 Ke7 40. Rh3 Ne5
41. Ne3 a5 42. Rxh6 a4 43. Rxb6 a3 44. Nd5+ Bxd5 45. exd5 a2 46. d6+ Kd8 47.
Bd5 a1=Q 0-1

[Event "Sparkassen-Open A"]
[Site "Heusenstamm, Martinsee"]
[Date "2018.11.24"]
[Round "5.7"]
[White "Andreev, Eduard"]
[Black "Muckle, Julius"]
[Result "1/2-1/2"]
[WhiteElo "2425"]
[BlackElo "2344"]
[PlyCount "27"]
[EventDate "2018.??.??"]
[WhiteTeam "SC Siegburg"]
[BlackTeam "SK Ludwigshafen"]

1. e4 e6 2. d4 d5 3. e5 c5 4. c3 Qb6 5. Nf3 Bd7 6. Bd3 Bb5 7. Bxb5+ Qxb5 8. a4
Qd7 9. O-O Nc6 10. dxc5 Bxc5 11. Bf4 Nge7 12. Nbd2 O-O 13. Qe2 Rae8 14. Rad1
1/2-1/2

[Event "Sparkassen-Open A"]
[Site "Heusenstamm, Martinsee"]
[Date "2018.11.24"]
[Round "5.8"]
[White "Hirneise, Jens"]
[Black "Klundt, Klaus"]
[Result "1/2-1/2"]
[WhiteElo "2370"]
[BlackElo "2313"]
[PlyCount "81"]
[EventDate "2018.??.??"]
[WhiteTeam "TSV SchÃ¶naich"]
[BlackTeam "SC Heusenstamm"]

1. e4 c5 2. Nf3 e6 3. d4 cxd4 4. Nxd4 Nc6 5. Nc3 Qc7 6. Be2 a6 7. a3 Nf6 8. f4
d6 9. Be3 Bd7 10. g4 Nxd4 11. Qxd4 Bc6 12. Bf3 e5 13. Qd2 exf4 14. Bxf4 Nd7 15.
O-O-O Ne5 16. Bxe5 dxe5 17. Nd5 Bxd5 18. exd5 O-O-O 19. Be4 Kb8 20. Rhf1 Qc4
21. Qd3 Qxd3 22. Rxd3 f6 23. g5 Rd6 24. Rh3 Be7 25. g6 h6 26. c3 Bd8 27. Kc2 b5
28. a4 bxa4 29. Rhf3 a3 30. b4 a5 31. Ra1 axb4 32. cxb4 Bb6 33. Raxa3 Bd4 34.
Kd3 Rc8 35. Rf1 Rc7 36. Rb1 Ra7 37. Rxa7 Kxa7 38. Rc1 Kb8 39. Kc4 Rd7 40. Kb3
Rc7 41. Rc4 1/2-1/2

[Event "Sparkassen-Open A"]
[Site "Heusenstamm, Martinsee"]
[Date "2018.11.24"]
[Round "5.10"]
[White "Siddharth, Jagadeesh"]
[Black "Noe, Christopher"]
[Result "0-1"]
[WhiteElo "2215"]
[BlackElo "2529"]
[PlyCount "39"]
[EventDate "2018.??.??"]
[WhiteTeam "Singapore"]
[BlackTeam "SC Eppingen"]
[WhiteTeamCountry "SIN"]

1. d4 Nf6 2. c4 e6 3. g3 c5 4. Nf3 cxd4 5. Nxd4 Qc7 6. Nd2 Nc6 7. N2f3 Nxd4 8.
Qxd4 Bc5 9. Qf4 Qb6 10. Nd2 O-O 11. e4 e5 12. Qf3 d5 13. cxd5 Ng4 14. Nc4 Bxf2+
15. Ke2 Qd4 16. Qd3 Qxd3+ 17. Kxd3 Bd4 18. Kc2 Nf2 19. Rg1 Nxe4 20. Rg2 0-1

[Event "Sparkassen-Open A"]
[Site "Heusenstamm, Martinsee"]
[Date "2018.11.24"]
[Round "5.12"]
[White "Henrich, Thomas"]
[Black "Gutman, Lev"]
[Result "1/2-1/2"]
[WhiteElo "2207"]
[BlackElo "2434"]
[PlyCount "149"]
[EventDate "2018.??.??"]
[WhiteTeam "SK Marburg"]
[BlackTeam "SV Lingen"]

1. e4 c5 2. Nf3 d6 3. d4 cxd4 4. Nxd4 Nf6 5. Nc3 Nc6 6. Bg5 Qb6 7. Nb3 e6 8.
Qd2 a6 9. O-O-O Qc7 10. f3 Bd7 11. Kb1 Rb8 12. Bf4 Ne5 13. Be2 b5 14. a3 Be7
15. Na2 Nc4 16. Qc3 O-O 17. Bxc4 bxc4 18. Nb4 Rbc8 19. e5 dxe5 20. Bxe5 Qb7 21.
Nc1 a5 22. Nba2 Nd5 23. Rxd5 Qxd5 24. Bxg7 Rfd8 25. Re1 Ba4 26. Bh8 Qg5 27. f4
Qh6 28. Be5 f6 29. Qg3+ Kf7 30. Bc3 Rd5 31. Qe3 Rc6 32. Bd4 Rcd6 33. Bc5 Bxc2+
34. Ka1 Rxc5 35. Qxc5 Rd1 36. Qxa5 Qxf4 37. g3 Qd4 38. Qh5+ Kg7 39. Rxd1 Bxd1
40. Qa5 e5 41. Qc7 Kf7 42. Nc3 Bf3 43. Nb5 Qc5 44. a4 Qxc7 45. Nxc7 Bb4 46. Na2
Ba5 47. Nb5 Ke6 48. Kb1 e4 49. Kc2 Ke5 50. Nac3 e3 51. Kc1 f5 52. Na3 Kd4 53.
Nc2+ Kc5 54. Nxe3 f4 55. Nf1 Bg2 56. Nd2 Kd4 57. gxf4 Kd3 58. f5 Bc7 59. f6 Bf4
60. Ncb1 Bxh2 61. f7 Bd6 62. Nc3 h5 63. Kd1 h4 64. Ke1 h3 65. Nf1 Kc2 66. Nb5
Bb4+ 67. Kf2 Kxb2 68. Ne3 Bc5 69. Kg3 Kb3 70. Nxg2 hxg2 71. Kxg2 Kxa4 72. Nc3+
Kb3 73. Ne4 Bf8 74. Nd2+ Kc3 75. Nxc4 1/2-1/2

[Event "Sparkassen-Open A"]
[Site "Heusenstamm, Martinsee"]
[Date "2018.11.24"]
[Round "5.13"]
[White "Mesias Rojas, Rabindranath"]
[Black "FrÃ¼bing, Stefan"]
[Result "0-1"]
[WhiteElo "2205"]
[BlackElo "2406"]
[PlyCount "90"]
[EventDate "2018.??.??"]
[WhiteTeam "AJEZA"]
[BlackTeam "SK KÃ¶nig Tegel"]

1. d4 d5 2. Nc3 Nf6 3. Bf4 c5 4. e3 cxd4 5. exd4 a6 6. Nf3 Nc6 7. Ne5 Qb6 8.
Nxc6 bxc6 9. Na4 Qa7 10. c3 Bf5 11. Bd3 Bxd3 12. Qxd3 e6 13. O-O Be7 14. Rae1
O-O 15. Re3 Qb7 16. Rh3 Qb5 17. Qc2 Ra7 18. b3 Rb7 19. Be5 Ne4 20. f3 Ng5 21.
Rg3 f6 22. Bf4 c5 23. Re1 cxd4 24. cxd4 Qb4 25. Qd2 Qxd2 26. Bxd2 Bd6 27. Rg4
h5 28. Rh4 g6 29. Nc5 Re7 30. f4 Ne4 31. Nxe4 dxe4 32. Rxe4 Rc8 33. f5 Rc2 34.
Be1 gxf5 35. Re3 Rg7 36. g3 f4 37. Rxe6 fxg3 38. Bxg3 Bxg3 39. hxg3 Rxg3+ 40.
Kf1 Rf3+ 41. Kg1 Rxa2 42. Rxh5 Kf7 43. Rb6 Rg3+ 44. Kf1 Rd3 45. Ke1 Rc3 0-1

[Event "Sparkassen-Open A"]
[Site "Heusenstamm, Martinsee"]
[Date "2018.11.24"]
[Round "5.14"]
[White "Geske, Julian"]
[Black "Hebbering, Tom Elliot"]
[Result "1-0"]
[WhiteElo "2382"]
[BlackElo "2199"]
[PlyCount "103"]
[EventDate "2018.??.??"]
[WhiteTeam "Wiesbadener SV"]
[BlackTeam "SK Gernsheim"]

1. d4 d5 2. c4 c6 3. Nf3 Nf6 4. e3 e6 5. b3 Nbd7 6. Bd3 Bd6 7. Bb2 O-O 8. Nbd2
b6 9. O-O Bb7 10. Qe2 Qe7 11. Rad1 e5 12. dxe5 Nxe5 13. Bb1 Nxf3+ 14. Nxf3 Ne4
15. Nd4 Be5 16. cxd5 cxd5 17. Nf5 Qf6 18. Bxe5 Qxe5 19. Nd4 Rfe8 20. Rc1 Rac8
21. Bd3 Rxc1 22. Rxc1 Rc8 23. Rxc8+ Bxc8 24. Qc2 Bd7 25. b4 g6 26. a3 Nf6 27.
h3 Qd6 28. Qc3 Ne8 29. Bc2 Qc7 30. Qd2 Nf6 31. Bb3 a5 32. Ne2 axb4 33. axb4 Bb5
34. Nf4 Bc4 35. Qc3 Qc6 36. Bxc4 Ne4 37. Nxd5 Qxd5 38. Qh8+ Kxh8 39. Bxd5 Nd6
40. e4 f6 41. f4 Kg7 42. Kf2 Nb5 43. Ke3 Kf8 44. Bc4 Nc7 45. Kd4 Ke7 46. h4 h6
47. b5 Kd6 48. e5+ fxe5+ 49. fxe5+ Ke7 50. Ke4 Kf8 51. g4 Ke7 52. h5 1-0

[Event "Sparkassen-Open A"]
[Site "Heusenstamm, Martinsee"]
[Date "2018.11.24"]
[Round "5.17"]
[White "Boos, Markus"]
[Black "Neukirchner, Pascal"]
[Result "1-0"]
[WhiteElo "2166"]
[BlackElo "2305"]
[PlyCount "41"]
[EventDate "2018.??.??"]
[WhiteTeam "Elberfelder SG"]
[BlackTeam "SK GrÃ¼ndau"]

1. d4 Nf6 2. c4 c5 3. d5 b5 4. cxb5 a6 5. bxa6 g6 6. Nc3 Bg7 7. e4 O-O 8. a7
Rxa7 9. Nf3 e6 10. Be2 exd5 11. exd5 d6 12. O-O Na6 13. Nd2 Re8 14. Bb5 Ree7
15. Nc4 Ne4 16. Nxe4 Rxe4 17. Qf3 Rae7 18. Bg5 Nc7 19. Qxe4 Rxe4 20. Bxd8 Nxb5
21. Rfe1 1-0

[Event "Sparkassen-Open A"]
[Site "Heusenstamm, Martinsee"]
[Date "2018.11.24"]
[Round "5.18"]
[White "Villwock, Martin"]
[Black "Euler, Gerd"]
[Result "1/2-1/2"]
[WhiteElo "2182"]
[BlackElo "2297"]
[PlyCount "86"]
[EventDate "2018.??.??"]
[WhiteTeam "SF Essen-Katernberg"]
[BlackTeam "SSG Hungen-Lich"]

1. e4 c5 2. Nf3 Nc6 3. Bb5 g6 4. Bxc6 bxc6 5. O-O Bg7 6. c4 Nh6 7. Nc3 O-O 8.
Re1 e5 9. d3 d6 10. a3 a5 11. Bd2 f5 12. exf5 gxf5 13. Rb1 Kh8 14. b4 cxb4 15.
axb4 axb4 16. Rxb4 Nf7 17. Na4 c5 18. Rb1 e4 19. Nb6 exf3 20. Nxa8 Ne5 21. Bf4
fxg2 22. Nb6 Bb7 23. Nd5 Bxd5 24. cxd5 Qh4 25. Bg3 Qh3 26. Bxe5 Bxe5 27. Rxe5
dxe5 28. Qe2 Qh6 29. Qxe5+ Qg7 30. Qxg7+ Kxg7 31. Rc1 Rc8 32. d6 Kf6 33. d4 c4
34. d7 Rd8 35. Rxc4 Rxd7 36. Kxg2 Rg7+ 37. Kf3 Rg4 38. Rc6+ Kg5 39. Rc7 Rxd4
40. Rxh7 Rd3+ 41. Kg2 Kf4 42. Rh4+ Kg5 43. Rh8 Kf4 1/2-1/2